Library Banner

Scourge : (Record no. 98459)

MARC details
000 -LEADER
fixed length control field 00506cam a22001814a 4500
001 - CONTROL NUMBER
control field 12374685
005 - DATE AND TIME OF LATEST TRANSACTION
control field 20170925113755.0
008 - FIXED-LENGTH DATA ELEMENTS--GENERAL INFORMATION
fixed length control field 010410s2001 nyu b 001 0 eng
020 ## - INTERNATIONAL STANDARD BOOK NUMBER
International Standard Book Number 0802139396
040 ## - CATALOGING SOURCE
Transcribing agency PK-LaUMT
082 00 - DEWEY DECIMAL CLASSIFICATION NUMBER
Classification number 616.912009
Edition number 21
Item number TUC-S
100 1# - MAIN ENTRY--PERSONAL NAME
Personal name Tucker, Jonathan B.
245 10 - TITLE STATEMENT
Title Scourge :
Remainder of title the once and future threat of smallpox /
Statement of responsibility, etc Jonathan B. Tucker
260 ## - PUBLICATION, DISTRIBUTION, ETC. (IMPRINT)
Place of publication, distribution, etc New York :
Name of publisher, distributor, etc Grove Press,
Date of publication, distribution, etc 2001
300 ## - PHYSICAL DESCRIPTION
Extent 320 p. ;
Dimensions 24 cm.
650 #0 - SUBJECT ADDED ENTRY--TOPICAL TERM
Topical term or geographic name as entry element Smallpox
General subdivision History.
942 ## - ADDED ENTRY ELEMENTS (KOHA)
Koha item type Books
Holdings
Withdrawn status Lost status Damaged status Home library Current library Date acquired Full call number Barcode Date last seen Price effective from Koha item type
      UMT Main Campus UMT Main Campus 2017-09-25 616.912009 TUC-S 113845 2017-09-25 2017-09-25 Books